| 000 | 00572nam a2200121Ia 4500 | ||
|---|---|---|---|
| 008 | 220616s9999||||xx |||||||||||||| ||und|| | ||
| 100 | _aMasing-Delic, Irene | ||
| 245 | 0 | _aExotic Moscow under Western Eyes | |
| 546 | _aEnglish[eng] | ||
| 650 | _aLiterature||Literary Criticism||Nabokov||Conrad||Dostoevsky||Turgenev||Russian literature | ||
| 856 | _uhttps://library.oapen.org/bitstream/20.500.12657/23665/1/1006478.pdf||https://library.oapen.org/bitstream/20.500.12657/23665/1/1006478.pdf||https://library.oapen.org/bitstream/20.500.12657/23665/1/1006478.pdf | ||
| 942 | _cEB | ||
| 999 |
_c19750 _d19750 |
||